000 00301nam a22001217a 4500
008 230127b |||||||| |||| 00| 0 eng d
020 _a978-99936-867-1-2
100 _aNgawang Phuntsho
245 _aThus I heard
_cNgawang Phuntsho
260 _bCrowdpublished
300 _a108 p
_c14.8cm
942 _2ddc
999 _c9244
_d9245